Air raid--Pearl Harbor! : (Record no. 3106)

MARC details
000 -LEADER
fixed length control field 01190cam a2200325 a 4500
001 - CONTROL NUMBER
control field 3106
003 - CONTROL NUMBER IDENTIFIER
control field FISKH
005 - DATE AND TIME OF LATEST TRANSACTION
control field 20240206145019.0
008 - FIXED-LENGTH DATA ELEMENTS--GENERAL INFORMATION
fixed length control field 910226r19911971cauab j b 000 0 eng
010 ## - LIBRARY OF CONGRESS CONTROL NUMBER
LC control number 91002795
020 ## - INTERNATIONAL STANDARD BOOK NUMBER
International Standard Book Number 0152016554 :
040 ## - CATALOGING SOURCE
Original cataloging agency DLC
Transcribing agency DLC
Modifying agency DLC
Language of cataloging eng
042 ## - AUTHENTICATION CODE
Authentication code lcac
043 ## - GEOGRAPHIC AREA CODE
Geographic area code n-us-hi
050 10 - LIBRARY OF CONGRESS CALL NUMBER
Classification number D767.92
Item number .T39 1991
082 00 - DEWEY DECIMAL CLASSIFICATION NUMBER
Classification number 940.54/26
Edition number 20
100 1# - MAIN ENTRY--PERSONAL NAME
Personal name Taylor, Theodore,
Dates associated with a name 1921-2006.
245 10 - TITLE STATEMENT
Title Air raid--Pearl Harbor! :
Remainder of title the story of December 7, 1941 /
Statement of responsibility, etc. Theodore Taylor.
250 ## - EDITION STATEMENT
Edition statement First Scholastic printing, March 2006
260 ## - PUBLICATION, DISTRIBUTION, ETC.
Place of publication, distribution, etc. New York :
Name of publisher, distributor, etc. Scholastic,
Date of publication, distribution, etc. 1971
300 ## - PHYSICAL DESCRIPTION
Extent 191 pages :
Other physical details maps ;
Dimensions 20 cm
520 ## - SUMMARY, ETC.
Summary, etc. Examines from both the American and Japanese points of view the political and military events leading up to the attack on Pearl Harbor.
650 #0 - SUBJECT ADDED ENTRY--TOPICAL TERM
Topical term or geographic name entry element Pearl Harbor (Hawaii), Attack on, 1941
General subdivision Juvenile literature.
650 #1 - SUBJECT ADDED ENTRY--TOPICAL TERM
Topical term or geographic name entry element Pearl Harbor (Hawaii), Attack on, 1941.
650 #1 - SUBJECT ADDED ENTRY--TOPICAL TERM
Topical term or geographic name entry element World War, 1939-1945
General subdivision Causes.
651 #1 - SUBJECT ADDED ENTRY--GEOGRAPHIC NAME
Geographic name Japan
General subdivision Foreign relations
Geographic subdivision United States.
651 #1 - SUBJECT ADDED ENTRY--GEOGRAPHIC NAME
Geographic name United States
General subdivision Foreign relations
Geographic subdivision Japan.
906 ## - LOCAL DATA ELEMENT F, LDF (RLIN)
a 7
b cbc
c orignew
d 1
e ocip
f 19
g y-gencatlg
942 ## - ADDED ENTRY ELEMENTS (KOHA)
Source of classification or shelving scheme Dewey Decimal Classification
Koha item type Books
Suppress in OPAC No
Holdings
Withdrawn status Lost status Source of classification or shelving scheme Damaged status Not for loan Collection Home library Current library Shelving location Date acquired Total Checkouts Full call number Barcode Date last seen Price effective from Koha item type
    Dewey Decimal Classification     Non-Fiction Footprints International School Library Network Toul Kork Campus Footprints International School Library Network Toul Kork Campus   02/06/2024   TAY 940.5426 D767.T39 FISSE00835 02/06/2024 02/06/2024 Books